Účtová osnova a postupy účtovania pre podnikateľov Účtovníctvo od 1.1.1993
Salvato in:
| Natura: | Libro |
|---|---|
| Lingua: | slovacco |
| Pubblicazione: |
Bratislava
Elita
1993
|
| Edizione: | 1. vyd. |
| Serie: | Účtovníctvo
|
| Soggetti: | |
| Tags: |
Nessun Tag, puoi essere il primo ad aggiungerne!!
|
MARC
| LEADER | 00000nam a2200000 4500 | ||
|---|---|---|---|
| 001 | c001975 | ||
| 005 | 20221214083058.4 | ||
| 041 | 0 | |a slo | |
| 044 | |a SK | ||
| 245 | 1 | 0 | |a Účtová osnova a postupy účtovania pre podnikateľov |b Účtovníctvo od 1.1.1993 |
| 250 | |a 1. vyd. | ||
| 264 | 1 | |a Bratislava |b Elita |c 1993 | |
| 300 | |a 79 s. | ||
| 490 | 1 | |a Účtovníctvo | |
| 830 | 0 | |a Účtovníctvo | |
| 610 | 2 | 0 | |a účtovníctvo |
| 610 | 2 | 0 | |a osnova účtová |
| 610 | 2 | 0 | |a metodika |
| 610 | 2 | 0 | |a podnikatelia |
| 610 | 2 | 0 | |a Slovensko |
| 610 | 2 | 0 | |a 1993 |
| 610 | 2 | 0 | |a triedy účtové |
| 610 | 2 | 0 | |a majetok investičný |
| 610 | 2 | 0 | |a zásoby |
| 610 | 2 | 0 | |a účtovníctvo finančné |
| 610 | 2 | 0 | |a vzťahy zúčtovacie |
| 610 | 2 | 0 | |a kapitál |
| 610 | 2 | 0 | |a náklady |
| 610 | 2 | 0 | |a výnosy podnikové |
| 610 | 2 | 0 | |a uzávierka účtovná |